Botany for degree students: Algae (Record no. 12864)

MARC details
000 -LEADER
fixed length control field 00469nam a2200181Ia 4500
008 - FIXED-LENGTH DATA ELEMENTS--GENERAL INFORMATION
fixed length control field 230917s9999||||xx |||||||||||||| ||und||
020 ## - ISBN
Price RS425
040 ## - CATALOGING SOURCE
-- 221240
Original cataloging agency VIVEKANANDA LIBRARY
041 ## - Language
-- English
082 ## - DDC NUMBER
Classification number 589.3 V442B
100 ## - MAIN ENTRY--PERSONAL NAME
Personal name Vashishta, B R
245 #0 - TITLE STATEMENT
Title Botany for degree students: Algae
250 ## - EDITION STATEMENT
Edition statement Rev. ed.
260 ## - PUBLICATION, DISTRIBUTION, ETC. (IMPRINT)
Place of publication, distribution, etc New Delhi
Name of publisher, distributor, etc S Chand
Date of publication, distribution, etc 2014
300 ## - PHYSICAL DESCRIPTION
Pages xii, 612 p.
500 ## - GENERAL NOTE
General note 1718 24/12/2014 RBP43226 16/01/2015 Main Budget
942 ## - ADDED ENTRY ELEMENTS (KOHA)
Koha item type Books
Holdings
Withdrawn status Lost status Damaged status Not for loan Location (home branch) Sublocation or collection (holding branch) Date acquired Koha issues (times borrowed) Koha full call number Accession No. Koha date last seen Koha item type
        VIVEKANANDA LIBRARY VIVEKANANDA LIBRARY 19/02/2015 5 589.3 V442B 309293 08/01/2025 Books
        VIVEKANANDA LIBRARY VIVEKANANDA LIBRARY 19/02/2015 6 589.3 V442B 309294 09/01/2025 Books
        VIVEKANANDA LIBRARY VIVEKANANDA LIBRARY 19/02/2015 7 589.3 V442B 309295 24/12/2024 Books
© Designed and Maintained by Vivekananda Library, MDU Rohtak